| 000 | 00000nam 2200000za 4500 |
| 001 | 9.828769 |
| 003 | CaOODSP |
| 005 | 20240624082305 |
| 007 | cr ||||||||||| |
| 008 | 161207s1935 onc o f000 0 fre d |
| 040 | |aCaOODSP|bfre |
| 043 | |an-cn--- |
| 086 | 1 |aZ1-1935/8F-PDF |
| 245 | 00|aRapport d'une Commission royale concernant un conflit du travail sur les quais de Vancouver |h[ressource électronique]. |
| 260 | |a[Ottawa] : |b[Imprimeur de le Roi], |c[1935] |
| 300 | |a[15] p. |
| 500 | |aPubl. aussi en anglais sous le titre : Report of Royal Commission regarding industrial dispute on Vancouver waterfront. |
| 500 | |aPublication historique numérisée par Bureau du Conseil privé. |
| 500 | |aTitre de départ. |
| 500 | |aImprimé dans : La gazette du travail, vol. XXXV, novembre 1935, p. 1046-1060. |
| 500 | |aCommissaire : H.H. Davis. |
| 530 | |aÉgalement publ. en version imprimée. |
| 692 | 07|2gccst|aCommission d'enquête |
| 692 | 07|2gccst|aQuai |
| 692 | 07|2gccst|aConflit de travail |
| 700 | 1 |aDavis, Henry Hague. |
| 710 | 1 |aCanada. |bBureau du Conseil privé. |
| 710 | 1 |aCanada.|bCommission royale concernant un conflit du travail sur les quais de Vancouver. |
| 775 | 08|tReport of Royal Commission concerning industrial dispute on Vancouver waterfront |w(CaOODSP)9.828767 |
| 856 | 40|qPDF|s1.52 Mo|uhttps://publications.gc.ca/collections/collection_2016/bcp-pco/Z1-1935-8-fra.pdf |